Object-based simulators for large scale distributed virtual environment /
Saved in:
| 主要作者: | |
|---|---|
| 格式: | Thesis 圖書 |
| 語言: | English |
| 出版: |
2015.
|
| 主題: | |
| 標簽: |
添加標簽
沒有標簽, 成為第一個標記此記錄!
|
| LEADER | 01256cam a2200325 i 4500 | ||
|---|---|---|---|
| 001 | u1027420 | ||
| 003 | SIRSI | ||
| 005 | 201601291648 | ||
| 008 | 160129s2015 my a m 000 0 eng | ||
| 040 | |a UMM |d AUM |e rda | ||
| 090 | |a QA76 |b UMP 2015 Elf | ||
| 100 | 0 | |a Elfizar, |e author. | |
| 245 | 1 | 0 | |a Object-based simulators for large scale distributed virtual environment / |c Elfizar. |
| 264 | 1 | |c 2015. | |
| 264 | 4 | |c 2015. | |
| 300 | |a xviii, 162 leaves : |b illustrations ; |c 30 cm. | ||
| 336 | |a text |2 rdacontent | ||
| 337 | |a unmediated |2 rdamedia | ||
| 338 | |a volume |2 rdacarrier | ||
| 502 | |b Ph.D. |c Jabatan Kepintaran Buatan, Fakulti Sains Komputer dan Teknologi Maklumat, Universiti Malaya |d 2015. | ||
| 504 | |a Bibliography: leaves 144-151. | ||
| 650 | 0 | |a Virtual reality. | |
| 650 | 0 | |a Computer networks. | |
| 650 | 0 | |a Object-oriented programming (Computer science) | |
| 650 | 0 | |a Simulation methods. | |
| 710 | 2 | |a Universiti Malaya. |b Jabatan Kepintaran Buatan, |e degree granting institution. | |
| 900 | |a NSR NSM | ||
| 596 | |a 1 25 | ||
| 999 | |a QA76 UMP 2015 ELF |w LC |c 1 |i A516206434 |d 20/9/2016 |f 20/9/2016 |g 1 |l STACKS |m P01UTAMA |r Y |s Y |t TESIS |u 20/9/2016 |1 STEM | ||
| 999 | |a QA76 UMP 2015 ELF |w LC |c 1 |i A516219676 |l STACKS |m P25UMARCHI |r Y |s Y |t CD |u 2/10/2018 |1 AHSS | ||
